BELANSKÁ JASKYŇA JUBILUJE

Bibliographic Details
Main Author: Kňazovický, Oto (Author)
Format: Article
Language:Slovak

MARC

LEADER 00000nab a2200000uu 4500
001 vtls011145651
003 SK-MaSNL
005 20260303145805.0
008 230222|1972 xo |||||||||||||||||slo|
015 |a SNBRB 
035 |a (urnnbn)urn:nbn:sk:snk:ar-008jry 
035 |a (uuid)e2d070fc-8b15-41c6-90c0-b09b960f382c 
035 |a urn:nbn:sk:snk-abawec 
040 |a SNKBUCL  |b slo  |c SNKBUCL  |e AACR2 
041 0 |a slo 
044 |a xo  |c SK 
100 1 |a Kňazovický, Oto  |4 aut  |9 1168602 
245 1 0 |a BELANSKÁ JASKYŇA JUBILUJE  |c Oto Kňazovický 
773 0 |t Slovenský kras : sborník Múzea slovenského krasu v Lipt. Mikuláši  |g Roč. 10, č. 1 (1972), s. 7-[8] 
954 |a odborná, vedecká literatúra pôvodná (slovenská)  |2 lita 
958 |a OND 
958 |a EUIPO 
958 |a article14 
999 |c 2005239  |d 2007169